|
|
|
|
| LEADER |
00000nam0a2200000 4500 |
| 001 |
299412 |
| 005 |
20231102001212.0 |
| 035 |
|
|
|a (RuTPU)RU\TPU\book\324564
|
| 035 |
|
|
|a RU\TPU\book\320746
|
| 090 |
|
|
|a 299412
|
| 100 |
|
|
|a 20150629d1982 k y0rusy50 ca
|
| 101 |
0 |
|
|a rus
|
| 102 |
|
|
|a RU
|
| 105 |
|
|
|a a z 001zy
|
| 200 |
1 |
|
|a Исследование статической работы бетонных, железобетонных и сталежелезобетонных конструкций энергетических сооружений
|e сборник научных трудов
|f Всесоюзный научно-исследовательский институт гидротехники им. Б. Е. Веденеева (ВНИИГ) ; под ред. М. Ф. Складнева
|
| 210 |
|
|
|a Ленинград
|c Энергоатомиздат
|d 1982
|
| 215 |
|
|
|a 93 с.
|c ил.
|
| 225 |
1 |
|
|a Известия ВНИИГ им. Б. Е. Веденеева
|v Т. 155
|
| 320 |
|
|
|a Библиогр. в конце статей
|
| 606 |
1 |
|
|a Железобетонные конструкции
|x Несущая способность
|2 stltpush
|3 (RuTPU)RU\TPU\subj\10653
|9 37693
|
| 606 |
1 |
|
|a Энергетическое строительство
|2 stltpush
|3 (RuTPU)RU\TPU\subj\21334
|9 46351
|
| 610 |
1 |
|
|a статическая прочность
|
| 610 |
1 |
|
|a бетонные конструкции
|
| 610 |
1 |
|
|a сталежелезобетонные строения
|
| 610 |
1 |
|
|a исследования
|
| 610 |
1 |
|
|a натурные испытания
|
| 610 |
1 |
|
|a напряженно-деформированное состояние
|
| 610 |
1 |
|
|a прочность
|
| 610 |
1 |
|
|a надежность
|
| 610 |
1 |
|
|a электростанции
|
| 610 |
1 |
|
|a плотины
|
| 610 |
1 |
|
|a турбинные трубопроводы
|
| 610 |
1 |
|
|a фундаменты
|
| 610 |
1 |
|
|a турбоагрегаты
|
| 675 |
|
|
|a 624.012.45.046
|v 3
|
| 675 |
|
|
|a 621.311:69
|v 3
|
| 702 |
|
1 |
|a Складнев
|b М. Ф.
|4 340
|
| 712 |
0 |
2 |
|a Всесоюзный научно-исследовательский институт гидротехники им. Б. Е. Веденеева (ВНИИГ)
|2 stltpush
|3 (RuTPU)RU\TPU\col\11485
|
| 801 |
|
1 |
|a RU
|b 63413507
|c 20051205
|g PSBO
|
| 801 |
|
2 |
|a RU
|b 63413507
|c 20190619
|g PSBO
|
| 942 |
|
|
|c BK
|